000 00778nam a2200241Ia 4500
001 4385
003 GE_BSU
008 181216s||||||||xx |||||||||||||| ||und||
020 _a5247005627
040 _cGE_BSU
080 _a665.61.03(035.3)
100 _aБоровая,М.С. Нехамкина,Л. Г.
245 _aЛаборант нефтяной и газовой лаборатории.
245 _bСправочное пособие.
245 _cЗав. ред. Н.И. Игнатьева.
250 _a2-е изд. перераб. и доп.
260 _aМ.
260 _bНедра.
260 _c1990.
300 _a317стр.с илл.22 см.
653 _aЛаборант нефтяной и газовой лаборатории.
942 _cBK
999 _c38375
_d38375